000 00617nam a22002297a 4500
003 UA-OsUOA
001 42963
007 ta
008 20061201b un ||||| |||| 00| 0 ukr d
100 _aЛабынцау Ю.
090 _a94(476)
_bЛ12
942 _cBK
040 _aUA-OsUOA
_brus
_cUA-OsUOA
_dUA-OsUOA
245 _aСкарынауски каляндар
300 _a118 с.
955 _a3
041 _arus
080 _a94(476)
260 _aМінск
_bМастацкая литература
_c1988
650 7 _a9 Географія. Біографії. Історія
_2UDC
999 _c329097
_d329097